| Поле | Инд. | ПП | Название | Значение |
|---|---|---|---|---|
| Тип записи | a | |||
| Библиографический уровень | b | |||
| 001 | Контрольный номер | RU/IS/BASE/496502108 | ||
| 005 | Дата корректировки | 20220512095819.0 | ||
| 008 | Кодируемые данные | 20150925 | ||
| 040 | b | Код языка каталог. | rus | |
| e | Правила каталог. | PSBO | ||
| 041 | 0_ | a | Код языка текста | rus |
| 084 | a | Индекс другой классификации/Индекс ББК | 65.41(2Рос) | |
| 100 | 1_ | a | Автор | Яковлев А. А. |
| q | Полное имя | Яковлев Андрей Александрович | ||
| 100 | 1_ | a | Автор | Выгловский О. В. |
| q | Полное имя | Выгловский Олег Викторович | ||
| 100 | 1_ | a | Автор | Демидова О. А. |
| q | Полное имя | Демидова Ольга Анатольевна | ||
| 100 | 1_ | a | Автор | Башлык А. Н. |
| q | Полное имя | Башлык Александр Николаевич | ||
| 245 | 10 | a | Заглавие | Добросовестное и недобросовестное поведение в повторяющихся закупках: эмпирический анализ |
| 500 | a | Примечание | Таблицы в приложении | |
| 504 | a | Библиография | Лит. в конце статьи | |
| 520 | 0_ | a | Аннотация | В статье рассматривается феномен повторных закупок, проводимых госсаказчиком с одним и тем же поставщиком. Проверяется влияние повторных закупок на цену простого однородного товара. Предполагается, что для такого товара отклонение цен повторных закупок вниз от средних по рынку может интерпретироваться как признак добросовестного поведения заказчика и поставщика... |
| 650 | 04 | a | Основная рубрика | государственные закупки |
| a | Основная рубрика | экономика | ||
| 653 | 1_ | a | Ключевые слова | аукционные торги |
| a | Ключевые слова | закупочные цены | ||
| a | Ключевые слова | измерение коррупции | ||
| a | Ключевые слова | конкурентное поведение | ||
| a | Ключевые слова | конкуренция | ||
| a | Ключевые слова | коррупция | ||
| a | Ключевые слова | однородный товар | ||
| a | Ключевые слова | оппортунистическое поведение | ||
| a | Ключевые слова | переработка нефти (нефтепереработка) | ||
| a | Ключевые слова | повторяющиеся контракты | ||
| a | Ключевые слова | Россия | ||
| a | Ключевые слова | рынок бензина | ||
| a | Ключевые слова | рынок продовольствия | ||
| a | Ключевые слова | рыночная конъюнктура | ||
| a | Ключевые слова | сроки поставок | ||
| a | Ключевые слова | стимулы поведения | ||
| a | Ключевые слова | торговые контракты | ||
| a | Ключевые слова | цены на бензин | ||
| a | Ключевые слова | экономическая теория | ||
| a | Ключевые слова | электронные аукционы | ||
| a | Ключевые слова | эффективность государственных закупок | ||
| 773 | 0_ | t | Заглавие источника | Экономический журнал ВШЭ |
| d | Дата издания источника | 2014 | ||
| g | Прочая информация | Т. 18, № 4. - С. 538 - 562 : граф., табл. | ||
| w | Контрольный № источника | RU/IS/BASE/475600940 | ||
| 901 | t | Тип документа | b |